[Event "Karel Prucha Memorial"]
[Site "Prague"]
[Date "2017.07.05"]
[Round "5"]
[White "Macdonald, Paul"]
[Black "Kratky, Josef"]
[Result "1/2-1/2"]
[WhiteElo "1986"]
[BlackElo "2075"]
[Annotator "Paul Macdonald"]
[PlyCount "52"]
[EventDate "2006.01.07"]
[EventCountry "CSR"]

1. b3 e5 2. Bb2 Nc6 {I noticed my opponent was moving extremely quickly -
clearly he had prepared for my 1.b3. So after consideration I decided not to
tread down the beaten path.} 3. e4 $5 {
I have played this move before and found I could get a good game} Bc5 4. Nf3 d6
5. Bb5 Nf6 6. Nc3 a6 7. Bxc6+ bxc6 8. d4 exd4 9. Nxd4 Bd7 10. O-O O-O 11. Qd2
Re8 12. Rfe1 d5 $6 13. Rad1 $5 {After a deep thought I decided the best course
of action was to sacrifice a pawn for the initiative. The basis for my
decision was that I already had a development advantage and even if I didn't
secure the pawn back, black's pawns on c6-c7 will be weak in the endgame.
Unfortunately there was a flaw in my plan.} ({
The path to advantage was difficult to find} 13. e5 $1 Ng4 14. Na4 $1 (14. f4
$2 Qh4 15. h3 Nxe5 $1 $17) 14... Ba7 15. Qf4 {
I saw this idea over the board but I didn't think to combine it with Na4} c5
16. Nf3 $14 {as the g4-knight will be forced offside and white should be able
to pressure black's centre}) (13. exd5 {offered white nothing great} cxd5 14.
Nf3 Be6 $11) 13... dxe4 14. Qg5 Bd6 ({Answering} 14... Qe7 {was probably the
most difficult challenge when it isn't obvious how white should proceed} 15.
Na4 $1 (15. f3 e3 $17) (15. Nf5 {fails to} Bxf2+ $17) 15... Bb4 (15... Ba7 16.
c4 $44) 16. Bc3 $1 Bxc3 (16... Nd5 17. Qxe7 Bxe7 18. Ba5 $13) 17. Nxc3 $44) 15.
Nf5 Bxf5 16. Qxf5 Re5 $1 {White is now forced into an endgame slightly
favourable for black. So the opening can be assessed as somewhat of a failure
for white - but it is good to know how to deal with ...d6-d5 in the future} 17.
Qxe5 {No choice but to go into this endgame. Despite being a pawn down and
black controlling the only open file, I felt I could hold this endgame but
probably not more than this.} (17. Qf4 Rh5 18. Qe3 Ng4 19. Qxe4 Qh4 $1 $19 {
is crushing}) ({And} 17. Qh3 Rh5 18. Qe3 {
transposes to the previous losing line}) 17... Bxe5 18. Rxd8+ Rxd8 19. Rd1 $5 {
The move leads to a highly curious anomoly} (19. Kf1 {was also good} g6 (19...
Rd2 {fails to} 20. Nxe4 $1 $18 {as Josef pointed out after the game} ({
I thought} 20. Nb1 {
was also good enough but black can save both his bishop and rook with} Rd5 {
Nevertheless, white can win material and gain an equal game} 21. c4 $1 Bxb2 $8
(21... Rc5 22. b4 $18) 22. cxd5 cxd5 23. Re2 Be5 24. Rc2 $13)) 20. Na4 Bxb2 21.
Nxb2 Rd2 22. Re2 $11) 19... Rd6 $1 {Now amazingly white has nothing better
than to return to e1! So did white just waste two moves? Well it turns out
appearances are quite deceiving sometimes. The rook on d6 now becomes a target
and white can force a favourable exchange} 20. Re1 $1 h6 {Black doesn't really
have anything better than creating a rabbit hole for his king. The
alternatives ..g6 and ...g5 don't alter what now follows} ({If} 20... Rd2 21.
Nb1 $1 {is the most accurate} Rd5 22. c4 Bxb2 23. cxd5 cxd5 24. f3 exf3 25.
gxf3 $11) 21. Nxe4 $1 {An accurate move that leaves black with little
opportunities to create winning chances} (21. Na4 {
leads to a long forcing variation where black comes out on top} Bxb2 22. Nxb2
Rd2 23. Rc1 {This looks bad for white but Nc4 is coming} Nd5 (23... Ng4 {
doesn't lead anywhere good for black} 24. Nc4 Re2 $2 25. h3 $1 Nxf2 26. Kf1 $18
) 24. Nc4 Re2 25. Kf1 Nc3 {I saw up to this position over the board and
assessed it quite rightly as better for black.} 26. Na5 c5 27. Nb7 c4 28. bxc4
Rd2 29. Nc5 Rd6 $1 30. Re1 f5 $17) 21... Bxb2 22. Nxd6 cxd6 23. Re7 {
White is very active now and black just cannot hold all his pawns} a5 ({
I knew during the game} 23... Nd5 {
was black's best try but even so white can hold} 24. Re8+ $1 (24. Ra7 Nb4 {
is good for black} 25. Ra8+ Kh7 26. c3 Bxc3 27. a3 Nc2 28. Rxa6 c5 29. Kf1 $1 (
29. a4 d5 30. Rc6 Bb4 $17) 29... d5 30. Rc6 Nxa3 31. Rxc5 d4 32. Ke2 Nc2 $15)
24... Kh7 25. Rd8 $1 Be5 26. a3 $1 $11 {e.g.} g5 27. Rd7 $1 (27. Ra8 Nc7 $1 $17
) 27... Kg6 28. Ra7) 24. Ra7 Bc3 25. Ra8+ $1 {A little accuracy even at the
end - pushing the king further away from the action first ;-)} Kh7 26. Ra6 {
One of black's pawns must fall and with it any hope of a win} c5 {Here Black
fered a draw which I accepted. So it took 13 accurate moves to gain back
equality after my enterprising Rad1 - not a particularly pleasant way to play
Chess. Here neither player has any advantage so a draw is a fair result.
Overall the game was played to a high standard by both players with no
significant errors on either side.} 1/2-1/2

[Event "Karel Prucha Memorial"]
[Site "Prague"]
[Date "2017.07.06"]
[Round "6"]
[White "Chudinoviskih, Alexander IM"]
[Black "Macdonald, Paul"]
[Result "1-0"]
[WhiteElo "2238"]
[BlackElo "1986"]
[Annotator "Paul Macdonald"]
[PlyCount "51"]
[EventDate "2006.01.07"]
[EventCountry "CSR"]

1. Nf3 d6 2. e4 Nf6 3. Nc3 g6 4. d4 Bg7 5. Be2 O-O 6. O-O Bg4 7. Be3 Nc6 8. d5
Ne5 9. Nxe5 Bxe2 10. Nxf7 Bxd1 11. Nxd8 Bxc2 12. Ne6 Rfc8 13. Rac1 Bd3 14. Rfd1
Ba6 15. b4 c6 16. a4 Bc4 17. f3 cxd5 18. exd5 Bb3 19. Re1 Nxd5 20. Nxd5 Bxd5
21. Nc7 Rxc7 22. Rxc7 Bf6 23. a5 Bc6 24. a6 Bxf3 25. gxf3 bxa6 26. Rec1 1-0

[Event "Karel Prucha Memorial"]
[Site "Prague"]
[Date "2017.07.07"]
[Round "7"]
[White "Macdonald, Paul"]
[Black "Jaeger, Andre"]
[Result "0-1"]
[WhiteElo "1986"]
[BlackElo "1999"]
[Annotator "Paul Macdonald"]
[PlyCount "106"]
[EventDate "2006.01.07"]
[EventCountry "CSR"]

1. b3 d5 2. Bb2 Bg4 3. Nf3 Nd7 {
I hadn't considered this move in my preparations for the game} 4. c4 c6 5. Nc3
(5. h3 {is more accurate} Bh5 6. cxd5 cxd5 7. Nc3 Bxf3 (7... e6 8. e4) (7...
Ngf6 {is not possble because of} 8. g4 Bg6 9. g5 Nh5 10. Nxd5) 8. exf3 e6 9.
Bb5 $14) 5... Ngf6 6. d4 e6 7. g3 Bd6 8. Bg2 O-O 9. O-O Rc8 {Andre offered a
draw here which I declined on principal. I didn't travel half way across the
world to have a short draw.} 10. Nd2 Bb8 11. f3 Bh5 12. e4 dxe4 13. Ndxe4 Nxe4
14. Nxe4 f5 15. Nf2 Nf6 $6 ({I expected} 15... f4) ({or} 15... e5 {
with only a slight edge for white}) 16. Nd3 Qb6 17. Kh1 Rfe8 18. Qc2 Bf7 19.
Bc3 Qc7 20. Rfe1 h5 21. Ne5 h4 22. Bd2 $6 (22. g4 $1) 22... hxg3 23. hxg3 Qd8
24. Be3 (24. Bg5 $6 Qxd4 25. Rad1 Qc5 26. Bxf6 gxf6 27. Nd7 Qe7 {
didn't provide enough compensation}) 24... Nh5 25. Qf2 g5 26. f4 (26. g4 $1)
26... g4 27. Bf1 $6 ({The simplest defence is just to play} 27. Kg1 {and Black 
has nothing to speak of. It is important to keep the bishop protecting the h3
square}) 27... Kg7 28. Kg2 $6 Rh8 29. Bd3 $4 Rh6 ({
Black misses a key opportunity now} 29... Nxg3 $3 30. Qxg3 Rh3 31. Qf2 Bxe5 (
31... g3 32. Rh1 $1 gxf2 33. Rxh3 $15) 32. fxe5 Rf3 33. Qg1 Qh4 34. Qh2 Qxh2+
35. Kxh2 Rh8+ 36. Kg2 Rhh3 $17) 30. Rh1 Qe7 31. d5 $5 {
Time to move to a new level} cxd5 32. Bd4 $1 Bxe5 (32... Kg8 {was ok for black}
) 33. Bxe5+ Kg6 34. Qe2 (34. cxd5 Qd7 $1) 34... Rg8 {Here I ran into
significant time trouble and I managed to spoil a game I had played very well.
It is so soul destroying when this happens. I promised myself I would never
get into time trouble again.} 35. Rh4 $2 ({After} 35. cxd5 $1 {
black is essentially busted} Qd8 (35... exd5 $4 36. Qxg4+ Kh7 37. Bxf5+ $18) (
35... Qc5 {I had to find the lovely move} 36. Be4 $3 $18 {Not easy to find a
move like this when in serious time trouble. The clever idea is if black
continues} Qb4 {white responds with} 37. Bc2 {
clearing the d-file for the a1 rook} Qc5 38. Rad1 $18) 36. d6 $16) 35... Be8 (
35... dxc4 $11) 36. Rah1 $4 (36. cxd5 $18) 36... dxc4 37. Qxg4+ $2 ({
White best was} 37. Rxh5 Bc6+ (37... Rxh5 38. Qxg4+ Rg5 39. Qh4 Bc6+ 40. Kf1
cxd3 41. Bd6 $3 d2 $3 42. Ke2 d1=Q+ 43. Rxd1 Qd8 44. Qxg5+ Qxg5 45. fxg5 Kxg5
46. Be5 {and black should be able to hold the draw here}) 38. Kf2 Rxh5 39.
Qxg4+ Rg5 $3 40. Rh6+ Kxh6 41. Qh4+ Kg6 42. Be2 $3 Qc5+ 43. Kf1 Kf7 44. Qh7+
Kf8 45. Qh6+ R5g7 46. Bxg7+ Rxg7 47. Qh8+ Kf7 48. Bh5+ Rg6 49. Qh7+ Ke8 50.
Qxg6+ Kd7 51. Qg7+ Kc8 52. Qc3 Bd5 $17) 37... Kf7 $1 ({
I completely overlooked Kf7 and expected} 37... Kh7 $4 38. Bxf5+ exf5 39. Qxf5+
Rgg6 40. Rxh5 $18 Bc6+ 41. Kf1 Bxh1 42. Rxh6+ Kxh6 43. Qh3+ Qh4 44. Qxh4#) 38.
Qh3 $4 {I had one second on my clock here} ({White's best was} 38. Rxh5 Bc6+
39. Kf1 Rxg4 40. Rxh6 Bxh1 41. Rh7+ Ke8 42. Rxe7+ Kxe7 43. Bxc4 Rxg3 $19) 38...
Rxg3+ (38... cxd3 $1 39. Rxh5 Bc6+ 40. Kf1 Qa3 $19) 39. Qxg3 Bc6+ {
A really silly move to reach the time control as is often the case} 40. Qf3 $4
(40. Kh3 $1 {although still losing would have thoroughly tested my opponent}
Nxg3 41. Rxh6 {In order to win black would need to find a series of only moves}
Qc5 $8 (41... Bxh1 42. Bxc4 $11 (42. Rh7+ $11 {is also good enough})) (41...
Qb4 42. Rg1 $18) (41... Nxh1 42. Rh7+ Ke8 43. Rxe7+ Kxe7 44. Bxc4 $11) 42. Rh7+
Kg6 $8 43. Rg7+ Kh6 $8 (43... Kh5 $4 44. Rh2 $1 $18) 44. Rxg3 (44. Rh2 Nh5)
44... Bxh1 45. Bxc4 Bd5 $1 46. Bg7+ Kh7 $8 47. Be5 Qf2 $1 $19) 40... Bxf3+ 41.
Kxf3 cxd3 42. Rxh5 Rxh5 43. Rxh5 Qb4 44. Rh7+ Kg8 45. Rh8+ Kf7 46. Rh7+ Ke8 47.
Rh8+ Kd7 48. Rh7+ Ke8 49. Rh8+ Kf7 {Finally my opponent finds the right way}
50. Rh7+ Kg6 {White cannot do anything to hold the position} 51. Rh2 Qe4+ 52.
Kg3 Qe1+ 53. Kh3 Qf1+ 0-1

[Event "Karel Prucha Memorial"]
[Site "Prague"]
[Date "2017.07.08"]
[Round "8"]
[White "Macdonald, Paul"]
[Black "Pribyl, Viktor"]
[Result "1-0"]
[WhiteElo "1986"]
[BlackElo "1953"]
[Annotator "Paul Macdonald"]
[PlyCount "79"]
[EventDate "2006.01.07"]
[EventCountry "CSR"]

1. b3 e5 2. Bb2 d6 3. e4 Nf6 4. Nc3 Nbd7 {Viktor shows his intention of
playing the Hanham variation of the Philidor defence. I managed to forgot all
my preparation against this and as a consequence I really struggled just to
survive. It is such a powerful black weapon against the unprepared.} 5. Nf3 Be7
6. d4 c6 7. a4 {Ensuring black doesn't have the expansive move, ...b7-b5. My
repertoire is actually to allow b7-b5 and instead play Bd3.} Qc7 8. Be2 $6 h6
9. O-O Nf8 {So black will leave his king in the centre for some time. It is
extremely difficult to take advantage of this as any central exchanges
typically favour black.} 10. Re1 g5 $4 11. Bf1 $4 {Missing a simple tactical
idea - I saw it over the board but failed to calculate it correctly} (11. dxe5
dxe5 12. Nxe5 $1 Qxe5 $2 13. Nd5 Qd6 (13... Qxb2 14. Nc7# {is pretty}) 14.
Nxf6+ $18) 11... Ng6 12. g3 {Sacing a pawn} ({I missed the possibility of} 12.
Ne2 {here also but this one was a lot more difficult to calculate} Nxe4 13.
dxe5 dxe5 14. Ng3 Nxg3 15. hxg3 Bg4 16. Qd3 Rd8 17. Nxe5 $3 Rxd3 {
and now the very calm} 18. Bxd3 {and black cannot save the g4-bishop and even
worse white has a strong initiative due to his raking bishops.} O-O (18... Be6
19. Nxg6 Rg8 20. Nxe7 Qxe7 21. Bh7 Rf8 22. Rad1 $16) 19. Nxg4 Rd8 20. Nxh6+ Kf8
21. Bxg6 fxg6 22. Re3 {and somehow black is losing!}) 12... Bg4 (12... g4 13.
Nd2 $1 (13. dxe5 $6 dxe5 (13... gxf3 14. exf6 $18) 14. Nd2 {wasn't as strong})
13... exd4 14. Ne2 c5 15. c3 d3 (15... dxc3 16. Nxc3 $44) 16. Nc1 $14) 13. Bg2
Qc8 ({If} 13... Qd7 {white has} 14. dxe5 Nxe5 (14... dxe5 15. Qxd7+ Nxd7 16.
Nd1 $14) 15. Nxe5 $1 dxe5 (15... Bxd1 $4 16. Nxd7 Bxc2 17. Nd5 $1 $18) 16.
Qxd7+ Nxd7 17. a5 $14) 14. Qd3 Rg8 15. dxe5 ({I had planned} 15. Nd1 {
but was concerned about} Bh3 {
It looks very scary when a bunch of pieces are gathering around your king!} ({
White can successfully defend against} 15... Nf4 16. gxf4 gxf4 17. Kh1 Bh3 18.
Rg1 Bxg2+ 19. Rxg2 Rxg2 20. Kxg2 Qg4+ 21. Kh1 $18) 16. dxe5 $1 Bxg2 17. exf6 $1
{A courageous move} Nf4 18. Qc3 Qh3 19. Nd2 $1 {
and remarkably black's threats are all addressed with Ne3}) 15... dxe5 16. Ne2
{Not taking any chances} (16. Nd1 $1 {again was a ballsy play} Nf4 17. gxf4
gxf4 18. Kh1 Bh3 19. Rg1 Bxg2+ 20. Rxg2 Rxg2 21. Kxg2 Qg4+ 22. Kh1 {
and white defends}) 16... Qe6 17. Qc3 $5 {Completely overlooking the fact that
my e-pawn is hanging but as it turns out this move fits the needs of the
position very well - even with the pawn sacrifice. In fact, it turns out this
move and the next won me the game! After taking the free pawn my opponent sunk
into deep thought for close to an hour ending up with less than 5 minutes on
his clock! don't quite understand what was going on. Ok, yes the position is
complicated but managing your time effectively is a critical skill in
tournament chess.} Nxe4 18. Qa5 $6 {This was the move that gained me so much
time on the clock. Of course, it isn't a great move and it has a very simple
punishment but for some reason Viktor couldn't keep things simple} (18. Qe3 {
was correct of course.  Black has to be careful} Bxf3 (18... f5 $6 19. Nfd4 $1
exd4 20. Nxd4 Qf6 21. h3 Bh5 22. Nxf5 $1 $16) (18... Nc5 $6 19. Nxe5 Nxe5 20.
Nd4 $1 $16) (18... Nf6 $6 19. Nxe5 Nxe5 20. Nd4 $1 $16) 19. Bxf3 Nf6 20. Rad1
$44) 18... b6 $1 {
Played after over 30 minutes thought it is indeed the best move} (18... Qd5 $2
19. Qxd5 cxd5 20. Nxe5 $16) (18... Qf5 {doesn't impress after} 19. Ned4 $1 exd4
20. Qxf5 Bxf5 21. Nxd4 Nd6 22. Ba3 $1 Be6 23. Nxc6 $3 $44) (18... Qf6 {
also doesn't achieve any advantage} 19. Nc3 Nxc3 (19... Bxf3 20. Nxe4 $1 $16)
20. Qxc3 $11) 19. Qa6 Qf6 $2 ({Black should of course continue with} 19... Nc5
$1 {forcing a queen exchange and weakening white's queenside pawns. Black is
just a pawn up and white has no compensation.} 20. Qc4 Qxc4 21. bxc4 f6 $17)
20. Qd3 $1 {Now things get very interesting} (20. Qb7 Rd8 $11) 20... Nc5 (20...
Bf5 {leads to very sharp play} 21. Ned4 (21. Nfd4 {
is also possible and the move I intended during the game} O-O-O (21... exd4 22.
Nxd4 $18) 22. a5 $1 Bc5 23. g4 $1 Bxg4 24. Qxe4 Bd7 25. Nf3 g4 26. Nxe5 Qxf2+
27. Kh1 $18) 21... Rd8 (21... exd4 22. Nxd4 O-O-O 23. Qa6+ Kb8 24. Nxf5 Qxf5
25. Bxe4 $18) 22. g4 $1 $18) 21. Qe3 {White has now consolidated and has
central pressure compensating for the pawn deficit} Bxf3 (21... Nd7 {
allows white a remarkable piece sacrifice} 22. Ned4 $3 exd4 (22... Bc5 23. Qe4)
23. Nxd4 Kf8 $1 24. h3 Be6 (24... Bf5 25. Rad1 $40 Bc5 26. Nxf5 Qxf5 (26...
Bxe3 27. Bxf6 $18) 27. Qf3 Qxf3 28. Bxf3 {and remarkably black with a whole
extra piece has no defence to white's threats even with the queens off the
board} Re8 29. Bxc6 Rxe1+ 30. Rxe1 $16)) 22. Bxf3 Nd7 (22... a5 {
seemed more sensible}) 23. Qe4 $6 {I knew this would allow the knight to
return to c5 with tempo but I was quite happy as I was aware I can always kick
the knight at the right moment.} ({I wanted to play} 23. Nc3 {
but couldn't find an answer to} Bc5 {
but the answer was right in front of my nose!} 24. Ne4 $1 Bxe3 25. Nxf6+ Nxf6
26. Bxc6+ Ke7 27. Bxa8 $18) 23... Rc8 24. Red1 {In some lines the a4-pawn
needs protection if the black knight comes to c5 and white wants to kick it
with b3-b4. And I also wanted to retain the possibility of a4-a5, axb6 and Ra7.
As it turned out, everything I wished for came into being} ({In any case} 24.
Rad1 {was still more accurate} Nc5 {I missed the possibility of} 25. Qg4 {
The point is} Qe6 {is met with} 26. Nd4 $1 $18 {
taking advantage of the pin of the e5-pawn.}) 24... Nc5 25. Qe3 (25. Qg4 {
is met simply by} Qe6) 25... Qe6 26. a5 $1 Kf8 27. axb6 axb6 28. Ra7 $1 {
Threatening b3-b4 winning a piece} Qf5 $8 {The knight needs an escape square}
29. b4 Ne6 $2 ({It turns out the only decent move here is} 29... g4 $8 30.
Qxh6+ Ke8 $1 (30... Rg7 {has a remarkable refutation} 31. Nf4 $3 gxf3 (31...
Ne6 {is met by} 32. Nxg6+ fxg6 33. Rdd7 $1 Qxf3 34. Qh8+ Rg8 35. Qxe5 $18) (
31... Nxf4 32. Bxe5 f6 33. Rxe7 $1 $18) 32. Nxg6+ Qxg6 33. Qh8+ Rg8 34. Qxe5 {
The point is} Ne6 {is met by the wonderful} 35. Rxe7 $3 Kxe7 36. Qd6+ Ke8 37.
Qd7+ Kf8 38. Qxc8+ Ke7 39. Rd7#) 31. Bxc6+ $1 Rxc6 32. Ra8+ Rc8 33. Rxc8+ Qxc8
34. bxc5 Bxc5 35. Qd2 $14) 30. Be4 Qf6 (30... Qg4 {was more testing} 31. Rdd7 (
31. f3 {was also good and the move I intended in the game} Qh3 32. Bxg6) 31...
f5 32. Bd3 Qxb4 33. Bc3 Qc5 34. Qf3 $18) 31. Qxb6 (31. Rdd7 {was good}) (31.
Bxg6 Rxg6 32. Rdd7 {was also great}) 31... c5 32. b5 {
All endgames are now good for white ;-)} ({I couldn't quite work out the line} 
32. Rdd7 $1 Rd8 $1 33. Nc3 Rxd7 34. Rxd7) (32. Nc3 {was good too}) 32... c4 33.
Ba3 {Keeping safe} ({I couldn't quite figure out if} 33. Rdd7 Bc5 34. Rxf7+
Qxf7 35. Rxf7+ Kxf7 36. Qb7+ Ne7 {was good for me}) 33... Bxa3 34. Rxa3 Kg7 35.
Rd7 {Threatening Rf3} (35. Nc3 {was more accurate}) 35... g4 $6 ({
Viktor should have played} 35... Rb8 $1 36. Qe3 Rxb5 37. Nc3 Rbb8 38. Raa7 Rgf8
39. Kg2 $16 (39. Nd5 $2 {has a surprising refutation} Rb1+ 40. Kg2 Nef4+ $3 41.
gxf4 Nh4+ $1 42. Kh3 Qe6+ 43. f5 Nxf5 44. Bxf5 Qxf5+ 45. Kg2 Qg4+ 46. Qg3 Qe4+
47. f3 Qxc2+ $13)) 36. Raa7 Rgf8 37. Nc3 $1 {
Setting a little trap just before the time control} Qg5 $4 {
To which my opponent falls} 38. Qxe6 Qc1+ 39. Kg2 Kh8 40. Qxg6 $1 {A pretty fin
ish. I thought after the game that play was really poor and I was a bit
disappointed but in reality this was an outstanding game that was full of
complexity that both players navigated through very well. Viktor had tears in
his eyes after the game. I told him with all sincerity that he played very
well. He is only 12 years old playing mostly 2000+ players. He ended up on 2.5
points from 9 so it was a tough experience full of hard lessons.} 1-0